| 000 | 00406nam a2200133 4500 | ||
|---|---|---|---|
| 001 | 6551 | ||
| 020 | 0 | 0 | _a9788171325474 |
| 100 | 0 | 0 | _aPrasad, S N. |
| 245 | 0 | 0 |
_aEnvironmental hazards : _bchallenges and management / _cS N Prasad. _h |
| 260 | 0 | 0 |
_aJaipur, Raj., India : _bPointer Publishers, _c2014. |
| 300 | 0 | 0 | _axi, 180 pages ; 23 cm |
| 650 | 0 | 0 |
_aEnvironmental degradation. _x |
| 650 | 0 | 0 |
_aEnvironmental management. _x |
| 999 |
_c5522 _d5522 |
||